Curarse en salud : guía de autocuidado para mayores /

Detalles Bibliográficos
Autor principal: Crespo Sabadell, José María (Autor)
Formato: Electrónico eBook
Lenguaje:español
Publicado: Madrid : Editorial Popular, [2002]
Colección:Para mayores ; 9.
Materias:
Acceso en línea:Digitalia Hispánica

MARC

LEADER 00000nam a2200000Ii 4500
001 DIGPOPL0275
003 NyNyDIG
006 m o d
007 cr |||||||||||
008 240920s2002 sp o 000 0 spa d
035 |a (OCoLC)1456949095 
040 |a DGITA  |b eng  |e rda  |e pn  |c DGITA 
020 |z 9788478841349 
050 1 4 |a RA564.8 ebook  
100 1 |a Crespo Sabadell, José María,  |e author. 
245 1 0 |a Curarse en salud :  |b guía de autocuidado para mayores /  |c José Ma. Crespo Sabadell. 
246 3 0 |a Guía de autocuidado para mayores 
264 1 |a Madrid :  |b Editorial Popular,  |c [2002] 
300 |a 1 online resource. 
336 |a text  |b txt  |2 rdacontent 
337 |a computer  |b c  |2 rdamedia 
338 |a online resource  |b cr  |2 rdacarrier 
347 |a text file  |2 rdaft 
347 |b PDF 
490 1 |a Para mayores 
588 0 |a Online resource; title from PDF title page (Digitalia, viewed September 20, 2024) 
650 0 |a Older people  |x Health and hygiene.  
791 2 |a Digitalia (Firm),  |e distributor. 
793 0 |g Digitalia eBook Collection:  |a Editorial Popular 
776 0 8 |i Print version:  |a Crespo Sabadell, José María.  |t Curarse en salud.  |b Segunda edición.  |d Madrid : Editorial Popular, [2002]  |z 9788478841349 
830 0 |a Para mayores ;  |v 9. 
856 4 0 |3 Digitalia Hispánica  |u https://www.digitaliapublishing.com/a/155879/ 
910 |a Premium collection: 2024